书目信息 |
| 题名: |
协同学
|
|
| 作者: | 德哈肯 ;凌复华 | |
| 分册: | ||
| 出版信息: | 上海 上海译文出版社 2001 |
|
| 页数: | 241 | |
| 开本: | 20cm | |
| 丛书名: | ||
| 单 册: | ||
| 中图分类: | O415.2 | |
| 科图分类: | ||
| 主题词: | 理论物理学 | |
| 电子资源: | ||
| ISBN: | 7-5327-2613-4 | |
| 000 | 00622nam0 2200205 450 | |
| 001 | 0741144344 | |
| 005 | 20070817112544.34 | |
| 010 | @a7-5327-2613-4@d¥17.50 | |
| 100 | @a20070817d km y0chiy0120 ea | |
| 101 | 0 | @achi |
| 200 | 1 | @a协同学@Axie tong xue@e大自然构成的奥秘@f[德]哈肯@F[de]ha ken@g凌复华@Gling fu hua |
| 210 | @a上海@c上海译文出版社@d2001 | |
| 215 | @a241@c插图@d20cm | |
| 517 | 1 | @a大自然构成的奥秘@Ada zi ran gou cheng de ao mi |
| 606 | 0 | @a理论物理学 |
| 690 | @aO415.2@v3 | |
| 701 | 0 | @a德哈肯@Ade ha ken |
| 702 | 0 | @a凌复华@Aling fu hua |
| 801 | 0 | @aCN@bPFT@c20070817 |
| 905 | @a213230@dO415.2@en1@f1 | |
| 协同学:大自然构成的奥秘/[德]哈肯/凌复华.-上海:上海译文出版社,2001 |
| 241:插图;20cm |
| ISBN 7-5327-2613-4:¥17.50 |
| ● |
| 相关链接 |
|
|
|
|
正题名:协同学
索取号:O415.2/n1
 
预约/预借
| 序号 | 登录号 | 条形码 | 馆藏地/架位号 | 状态 | 备注 |
| 1 | 6600837 | 266008376 | 密集书库-生命科学系/ [索取号:O415.2/n1] | 在馆 |